01012cam a2200277 i 45000010008000000030004000080050017000120080041000290100017000700150010000870200011000970400018001080430012001260500018001380820013001561000019001692450137001882600083003253000040004085000109004485000020005575040025005776100037006026510050006397000045006892269757OSt20230608111713.0780825s1975 ie a b 001 0 eng  a 78311261  aIr*** c£0.50 aDLCcDLCdDLC ae-ie---00aDA995.D9bL4700a328bGRI1 aTobin, John R.10aLeinster House :bseat of Dáil Éireann, Seanad Éireann /cJohn R. Tobin ; designer, Jan de Fouw ; photographer, James Bambury. a[Dublin :bStationery Office : sold by Govt. Publications Sale Office,c1975?] a72 p. :bill. (some col.) ;c21 cm. a"Designed as a successor to Tigh Laighean-Leinster House written by the late Mícheál Mac Críosta." aIncludes index. aBibliography: p. 66.20aLeinster House (Dublin, Ireland) 0aDublin (Ireland)xBuildings, structures, etc.1 aMacCríosta, Micheál.tTigh Laighean.